000 00362nam a22001457a 4500
003 OSt
008 220618b |||||||| |||| 00| 0 eng d
020 _a9781639894420
082 _a631.46
_bSIL/PR
100 _aSilva, Marcus
_95216
245 _aPrinciples of soil microbiology
260 _aNew York
_bStates Academic Press
_c2022
300 _a239
942 _cBK
999 _c17524
_d17524